| 000 | 00739nam a2200217 i 4500 | ||
|---|---|---|---|
| 001 | 89208 | ||
| 003 | ES-MaACL | ||
| 005 | 20250815013650.0 | ||
| 007 | t| | ||
| 008 | 050105s1910 sp |||| | spa d | ||
| 100 | 1 |
_aLarcher, Louis-Julien ( _d1809-1865) _9157153 |
|
| 245 | 1 | 0 |
_aOpiniones acerca del matrimonio y del celibato / _crecogidas por Larcher y P. J. Jullien ; traducción por Luis de Terán. |
| 260 |
_aMadrid : _b[s.n., _c1910] ( _fImp. de Gabriel L. del Horno) |
||
| 300 |
_a283 p. ; _c23 cm. |
||
| 650 | 0 | 7 |
_aMatrimonio _2embne _914855 |
| 650 | 0 | 4 |
_aCelibato. _910868 |
| 700 | 1 |
_aJullien, P. J. _9157154 |
|
| 700 | 1 |
_aTerán, Luis de, _d1864-1935 _9109725 |
|
| 852 |
_aES-MaACL _jF-14985 |
||
| 999 |
_c89208 _d89208 |
||